Statistiques concernant Champions et vice-champions du monde de rugby

Cliquez ici pour prendre le quiz!

Statistiques générales

  • Ce quiz a été pris 68 fois
  • Le résultat moyen est 16 sur 16

Statistiques - réponses

Année Champions et vice-champions % Correct
1991Australie
100%
1999Australie
100%
2003Angleterre
100%
1991Angleterre
100%
2003Australie
100%
2007Angleterre
100%
2015Australie
100%
1987Nouvelle-Zélande
98%
2011Nouvelle-Zélande
98%
2015Nouvelle-Zélande
98%
1987France
98%
1995Nouvelle-Zélande
98%
1999France
98%
2011France
98%
1995Afrique du Sud
97%
2007Afrique du Sud
97%

Distribution des résultats

Percentile by Number Answered

% des personnes avec chaque résultat

Votre développement - résultats

Vous n’avez pas pris ce quiz